000 01514aam a2200325 i 4500
001 768714001
003 CO-MdFUSB
005 20250528144355.0
007 ta
008 200730t2008 -us |||| |||| 00| 0 spa d
020 _a9780829747867
040 _bspa.
_aCO-MdFUSB
_cCO-MdFUSB
_dCO-MdFUSBC
_erda
041 _aspa
_heng
082 0 4 _223
_a248.4
_bY122e
100 1 _aYaconelli, Michael
_eautor
240 _aMessy spirituality
245 1 _aEspiritualidad desordenada :
_bel amor perfecto de Dios por la gente imperfecta
_c/ Michael Yaconelli ; traducido por Norma Deiros
264 1 _aEstados Unidos :
_bVida,
_c[2008]
264 4 _c©2008
300 _a173 Páginas.
_c; 22 cm
336 _atexto
_btxt
_2rdacontent
337 _2rdamedia
_asin mediación
_bn
338 _2rdacarrier
_avolumen
_bnc
505 _aDesorden: el taller de la vida espiritual. -- Espiritualidad desordenada: el lugar donde nuestro desorden se encuentra con Jesús. -- Resistir a los que resisten: victoria sobre los saboteadores de la espiritualidad. -- La fealdad del rechazo: paralizados por nuestro pasado. -- Un discípulo raro: la consecuencia de una espiritualidad ladeada. -- Crecimiento no espiritual:"no principios" de un discipulado errático. -- Gracias pequeñas: el triunfo de una vida pequeñita. -- El molesto amor de Dios: lo irresistible de la gracia.
563 _aRústico
650 0 _aVida cristiana
_919
700 _aDeiros, Norma.
_94744
_etraductor
942 _cBK
945 _aJTF-925
999 _c43719
_d43719